000
00294 a2200145 4500
001
155976
040
_c
Escola São Tomás de Aquino
100
_a
OKUMO, Emico
240
1
0
_a
Radiação
_l
por
245
1
0
_a
Radiação
300
_a
69
362
0
_a
1998
697
_a
CIÊNCIAS
942
_c
BK
999
_c
155976
_d
155976